| 000 | 00742nam a22002297a 4500 | ||
|---|---|---|---|
| 005 | 20170124110011.0 | ||
| 010 | _aA-609149 | ||
| 020 |
_c00.00 _a8171005047 |
||
| 035 | _aA-609149 | ||
| 037 | _bCen Lib/Ret | ||
| 040 |
_aDPL _bEN |
||
| 082 |
_a342.0853 _bSHA |
||
| 100 |
_aSharma, B.R. _917833 |
||
| 245 |
_aFreedom of press under the Indian constitution / _cby B.R. Sharma |
||
| 260 |
_aNew Delhi _bDeep & Deep Publications _c1993 |
||
| 270 |
_aF-159, Rajouri Garden _bNew Delhi _e110027 |
||
| 300 |
_axvi,235p. : _c20cm(Hb) |
||
| 500 | _aIncludes bibliographical references and index | ||
| 650 |
_aFreedom movement and the press. _917834 |
||
| 650 |
_aPress law in India. _917835 |
||
| 942 |
_2ddc _cEN _h342.0853 _mSHA |
||
| 999 |
_c126560 _d126560 |
||